|
|
|
|
| LEADER |
00000nam0a2200000 4500 |
| 001 |
325998 |
| 005 |
20231102003822.0 |
| 035 |
|
|
|a (RuTPU)RU\TPU\book\351614
|
| 090 |
|
|
|a 325998
|
| 100 |
|
|
|a 20161215d1986 k y0rusy50 ca
|
| 101 |
0 |
|
|a rus
|
| 102 |
|
|
|a RU
|
| 105 |
|
|
|a a p 000zy
|
| 200 |
1 |
|
|a Прогнозная оценка запасов Боко-Васильевского рудного поля путем изученияэндогенной зональности с целью уточнения дальнейшего направления геологоразведочных работ
|e отчет о НИР (окончательный отчет) (копия)
|f Томский политехнический институт (ТПИ) ; руководитель А. Ф. Коробейников ; участники НИР А. Я. Пшеничкин, Н. Н. Мартынова, С. А. Трубачев, Ю. Е. Зыков, Г. А. Новикова
|
| 210 |
|
|
|a Томск
|c [Б. и.]
|d 1986
|
| 215 |
|
|
|a 137 л.
|c ил.
|
| 606 |
1 |
|
|a Золото
|x Месторождения
|x Поиски и разведка
|2 stltpush
|3 (RuTPU)RU\TPU\subj\11859
|9 38745
|
| 610 |
1 |
|
|a рудные поля
|
| 610 |
1 |
|
|a метасоматические образования
|
| 610 |
1 |
|
|a породы
|
| 610 |
1 |
|
|a петрографическая характеристика
|
| 610 |
1 |
|
|a Боко-Васильевское рудное поле
|
| 610 |
1 |
|
|a минералогическая характеристика
|
| 610 |
1 |
|
|a пирититы
|
| 610 |
1 |
|
|a кристалломорфология
|
| 610 |
1 |
|
|a эндогенные геохимические ореолы
|
| 610 |
1 |
|
|a золото
|
| 610 |
1 |
|
|a фоновое содержание
|
| 610 |
1 |
|
|a распределение
|
| 610 |
1 |
|
|a горные породы
|
| 610 |
1 |
|
|a магнитная восприимчивость
|
| 610 |
1 |
|
|a отчеты о НИР
|
| 610 |
1 |
|
|a труды учёных ТПУ
|
| 675 |
|
|
|a 553.411(040
|v 4
|
| 702 |
|
1 |
|a Коробейников
|b А. Ф.
|c российский геолог, доктор геолого-минералогических наук
|c профессор Томского политехнического университета
|f 1934-
|g Александр Феопенович
|2 stltpush
|3 (RuTPU)RU\TPU\pers\12688
|4 673
|
| 702 |
|
1 |
|a Пшеничкин
|b А. Я.
|c геолог
|c доцент Томского политехнического университета, кандидат геолого-минералогических наук
|c заведующий лабораторией геологии золота Томского политехнического университета
|f 1936-
|g Анатолий Яковлевич
|2 stltpush
|3 (RuTPU)RU\TPU\pers\24725
|4 677
|
| 702 |
|
1 |
|a Мартынова
|b Н. Н.
|c специалист в области экологии и безопасности жизнедеятельности, геолог
|c инженер Томского политехнического университета
|f 1949-
|g Надежда Николаевна
|2 stltpush
|3 (RuTPU)RU\TPU\pers\30387
|4 677
|
| 702 |
|
1 |
|a Трубачев
|b С. А.
|g Сергей Александрович
|4 677
|
| 702 |
|
1 |
|a Зыков
|b Ю. Е.
|c специалист в области геологии золота
|c инженер-проектировщик первой категории Томского политехнического университета
|g Юрий Евгеньевич
|2 stltpush
|3 (RuTPU)RU\TPU\pers\29410
|4 677
|
| 702 |
|
1 |
|a Новикова
|b Г. А.
|g Галина Александровна
|4 677
|
| 712 |
0 |
2 |
|a Томский политехнический институт (ТПИ)
|c (1944-1991)
|2 stltpush
|3 (RuTPU)RU\TPU\col\1123
|
| 801 |
|
1 |
|a RU
|b 63413507
|c 20161215
|
| 801 |
|
2 |
|a RU
|b 63413507
|c 20181227
|g RCR
|
| 942 |
|
|
|c BK
|